000 00371nam a2200145Ia 4500
008 240624s9999 xx 000 0 und d
041 _aeng
082 _a658.87 BER
100 _aBERMAN BARRY
245 _aRETAIL MANAGEMENT A STRATEGIC APPROACH
250 _a(11th ed.)
260 _c2011
_aNew Delhi
_bPearson
300 _axxvii, : 652 : p. : cm. ; 28
365 _cRS
999 _c20524
_d20524